| 000 | 00000nam 2200000zi 4500 |
| 001 | 9.901621 |
| 003 | CaOODSP |
| 005 | 20221107175723 |
| 006 | m o d f |
| 007 | cr cn||||||||| |
| 008 | 210713t20212021qucab ob f000 0 fre d |
| 020 | |a9780660396156 |
| 040 | |aCaOODSP|bfre|erda|cCaOODSP |
| 043 | |an-cn-on |
| 086 | 1 |aTU3-11/21-0007F-PDF |
| 110 | 2 |aBureau de la sécurité des transports du Canada.|eauteur,|eorganisme de publication. |
| 245 | 10|aMouvement non contrôlé ayant entraîné un déraillement de train en voie non principale, Goderich-Exeter Railway, train 581-01, installation de silos-élévateurs de Parrish & Heimbecker Limited au port de Goderich, point milliaire 45,9, subdivision de Goderich, Goderich (Ontario), 1er février 2021. |
| 264 | 1|aGatineau, Québec : |bBureau de la sécurité des transports du Canada = Transportation Safety Board of Canada, |c2021. |
| 264 | 4|c©2021 |
| 300 | |a1 ressource en ligne (10 pages) : |bcartes, illustrations. |
| 336 | |atexte|btxt|2rdacontent/fre |
| 337 | |ainformatique|bc|2rdamedia/fre |
| 338 | |aressource en ligne|bcr|2rdacarrier/fre |
| 490 | 1 |aRapport d'enquête sur la sécurité du transport ferroviaire ; |vR21T0007 |
| 500 | |aPublié aussi en anglais sous le titre : Uncontrolled movement resulting in a non-main-track train derailment, Goderich Exeter RailwayTrain 581-01, Parrish & Heimbecker Limited elevator facility at the Port of Goderich, Mile 45.9, Goderich Subdivision, Goderich, Ontario, 01 February 2020. |
| 500 | |aPublié aussi en format HTML. |
| 500 | |aTitre de la couverture. |
| 500 | |a« Publié le 15 juillet 2021. » |
| 504 | |aComprend des références bibliographiques. |
| 650 | 6|aChemins de fer|xAccidents|xEnquêtes|zOntario. |
| 775 | 08|tUncontrolled movement resulting in a non–main-track train derailment, Goderich Exeter Railway, train 581-01, Parrish & Heimbecker Limited elevator facility at the Port of Goderich, mile 45.9, Goderich subdivision, Goderich (Ontario), 01 February 2021.|w(CaOODSP)9.901620 |
| 830 | #0|aBilan d’enquête de sécurité de transport ferroviaire ;|vR21T0007.|w(CaOODSP)9.849727 |
| 856 | 40|qPDF|s1.73 Mo|uhttps://publications.gc.ca/collections/collection_2022/bst-tsb/TU3-11-21-0007-fra.pdf |
| 856 | 4 |qHTML|sS.O.|uhttps://www.tsb.gc.ca/fra/rapports-reports/rail/2021/r21t0007/r21t0007.html |